[Event "CRO Team Cup 2018"]
[Site "Mali Losinj"]
[Date "2018.05.19"]
[Round "5.3"]
[White "Palac, Mladen"]
[Black "Kuljasevic, Davorin"]
[Result "1/2-1/2"]
[WhiteElo "2548"]
[BlackElo "2534"]
[Annotator "TA"]
[PlyCount "64"]
[EventType "team-tourn"]
[EventCountry "CRO"]
[SourceTitle "playchess.com"]
[Source "ChessBase"]
[SourceQuality "1"]

{[%evp 37,64,28,35,25,34,3,3,0,0,0,-5,-14,0,4,0,0,12,14,12,0,0,0,0,0,0,0,0,0,0]} 1. e4 e5 2. Nf3 Nc6 3. Bb5 a6 4. Ba4 Nf6 5. O-O Be7 6. Re1 b5 7. Bb3 d6 8. c3 O-O 9. h3 Re8 10. Ng5 Rf8 11. Nf3 Re8 12. d4 Bb7 13. Ng5 Rf8 14. Nf3 Re8 15. Nbd2 Bf8 16. a3 h6 17. Bc2 {[%cal Bb3c2,Bc2d3,Bd3f1][%mdl 32]} Nb8 18. b3 Nbd7 19. Bb2 {C93: Closed Ruy Lopez: Smyslov Variation} Rb8 {LiveBook: 3 Games} (19... c5 20. d5 Bc8 21. a4 Rb8 22. axb5 axb5 23. Bd3 Nh5 24. Bf1 g6 25. Nh2 Ng7 26. Bd3 Nf6 {1-0 (49) Harikrishna,P (2744)-Ivanchuk,V (2726) Riadh 2017}) 20. a4 Ba8 {[#]} 21. Bd3 $146 {White is slightly better.} ({Predecessor:} 21. axb5 axb5 22. Ba3 g6 23. d5 c6 24. c4 Bb7 25. Nf1 Qc7 26. Ne3 Ra8 27. Bb4 Reb8 28. Qd2 {½-½ (24) Sasikiran,K (2558)-Williamson,H (2531) ICCF email 2017}) 21... d5 {The position is equal.} 22. exd5 {[%cal Rd4e5]} exd4 23. Rxe8 Qxe8 24. Nxd4 {[%cal Ra4b5]} Nxd5 25. axb5 axb5 26. Bf1 b4 27. cxb4 Ne3 28. fxe3 Qxe3+ 29. Kh1 {[#] Strongly threatening Nc4.} Qxh3+ $1 30. Kg1 Qe3+ 31. Kh1 {Black must now prevent N2f3.} Qh3+ $1 32. Kg1 Qe3+ 1/2-1/2

[Event "CRO Team Cup 2018"]
[Site "Mali Losinj"]
[Date "2018.05.21"]
[Round "5.6"]
[White "Pikula, Dejan"]
[Black "Plenkovic, Zdenko"]
[Result "0-1"]
[WhiteElo "2470"]
[BlackElo "2403"]
[Annotator "TA"]
[PlyCount "82"]
[EventType "team-tourn"]
[EventCountry "CRO"]
[SourceTitle "playchess.com"]
[Source "ChessBase"]
[SourceQuality "1"]

{[%evp 17,82,47,54,49,57,28,33,30,50,45,61,41,111,85,78,9,10,8,8,0,0,-2,0,-12,0,0,-4,-23,39,20,66,66,87,-12,62,57,90,73,73,89,90,73,105,106,91,51,39,37,79,85,183,-21,8,0,0,0,0,2,0,0,41,0,0,-46,-48,-29997,-29998]} 1. e4 c5 2. Nf3 a6 3. c3 d6 4. d4 Nf6 5. Bd3 cxd4 (5... g6 6. O-O Bg7 7. dxc5 dxc5 8. e5 Ng4 9. Qe2 Nc6 10. Bf4 O-O 11. Bc2 Qb6 12. Bb3 Na5 {1-0 (37) Tiviakov,S (2654)-Gwaze,R (2433) Cape Town 2013}) 6. cxd4 {B28: Sicilian: 2 Nf3 a6 (O'Kelly Variation)} e5 7. O-O Nbd7 8. Nc3 Be7 9. Re1 $146 ({Predecessor:} 9. Qe2 O-O 10. dxe5 dxe5 11. Rd1 Qc7 12. Bg5 h6 13. Bh4 {½-½ (64) Hierholz,B-Bossert,C (2230) Germany 1994}) 9... O-O {LiveBook: 3 Games} 10. h3 b5 11. a4 b4 12. Ne2 d5 13. dxe5 dxe4 14. exf6 Nxf6 15. Ned4 {Hoping for Bg5.} Bb7 16. Bc4 (16. Nf5 $16 {And now Bc4 would win.} Bc5 17. Bxe4 Nxe4 18. Be3) 16... exf3 $11 17. Nxf3 Qc7 18. Qb3 Rac8 19. Bf1 Bc5 20. Bg5 h6 21. Bxf6 gxf6 22. Rac1 Qb6 (22... Rfd8 $11) 23. Rc2 $14 Kh8 24. Nh4 Qd6 25. Qd3 (25. a5 $1 $16) 25... Qf4 (25... Qxd3 $1 $11 26. Bxd3 Bd4) 26. g3 Rg8 {[#]} 27. Kh2 $1 Qg5 28. Bg2 Rcd8 29. Qe2 Bxg2 30. Nxg2 b3 31. h4 Qf5 32. Rc3 Bb4 {[#]} 33. Rf3 $1 {[%cal Rf3f5]} Qc2 (33... Qd5 $16) 34. Qe3 $2 (34. Rxf6 $18 {aiming for Qe5!} Bxe1 35. Qe5) 34... Bd2 35. Qb6 Bxe1 36. Qxf6+ Kh7 {Threatens to win with ...Bd2.} 37. Nxe1 Qg6 $36 {[%mdl 2048] ...Qxf6 is the strong threat. Black is pushing.} 38. Qc3 Rg7 39. Qxb3 Qb1 40. Nd3 Rd4 {[%mdl 1024] ( -> ...Rxh4+!). Black has compensation.} 41. Qb7 $2 {[%mdl 8192] [#]} (41. Nf4 $15) 41... Rxh4+ $1 {[%mdl 512] Precision: White = 29%, Black = 51%.} 0-1

[Event "CRO Team Cup 2018"]
[Site "Mali Losinj"]
[Date "2018.05.21"]
[Round "5.7"]
[White "Loncar, Robert"]
[Black "Djurovic, Goran"]
[Result "1-0"]
[WhiteElo "2412"]
[BlackElo "2394"]
[Annotator "TA"]
[PlyCount "97"]
[EventType "team-tourn"]
[EventCountry "CRO"]
[SourceTitle "playchess.com"]
[Source "ChessBase"]
[SourceQuality "1"]

{[%evp 14,97,20,10,57,45,64,29,80,92,88,91,95,79,93,97,99,55,49,22,120,49,94,94,80,80,63,25,7,28,137,136,139,-118,-125,-106,-88,-122,110,110,268,192,194,195,199,179,318,322,344,323,1669,381,376,369,468,490,372,178,312,259,187,103,106,93,347,359,340,331,456,445,531,522,594,588,1045,1039,930,551,504,630,610,607,699,697,1038,987]} 1. d4 Nf6 2. Nf3 e6 3. c4 d5 4. Bg5 h6 5. Bh4 dxc4 6. Qa4+ c6 7. Qxc4 b5 {D30: Queen's Gambit Declined: Systems without Nc3} 8. Qc2 {LiveBook: 86 Games} g5 (8... Bb7 9. Nbd2 Nbd7 10. e3 Rc8 11. a4 b4 12. Nb3 c5 13. dxc5 Bxc5 14. Nxc5 Nxc5 15. Bb5+ {1-0 (76) Jumabayev,R (2606)-Ragger,M (2698) Berlin 2015}) 9. Bg3 g4 {White is slightly better.} 10. Ne5 Bb4+ (10... Qxd4 $11 11. Nd2 (11. Nxc6 Qe4 $11) 11... Bb7) 11. Nc3 $16 Qxd4 12. e3 Qc5 13. Nd3 Bxc3+ 14. bxc3 Qf5 15. Be2 {[%mdl 1024] White has strong compensation.} Nbd7 $146 16. O-O Ne4 (16... c5 $11) 17. Bc7 ({White should try} 17. Bxg4 $1 $16 Qxg4 18. f3) 17... Rg8 18. f3 gxf3 19. Rxf3 Qh7 20. Raf1 Qg7 {[%csl Gg8][%cal Rg7g2]} 21. Nf4 f5 (21... Ndc5 $1 $11 {keeps the balance.} 22. Rd1 (22. Qd1 Bb7 $17) 22... f5) 22. Rh3 $1 {Hoping for Bh5+.} Nb6 23. Bh5+ $2 {[%mdl 8192]} (23. Bxb6 $1 $16 {is forced if you want to stay better.} axb6 24. Bf3) 23... Kd7 $17 24. Bxb6 axb6 25. Bf3 Nc5 $2 (25... Ng5 $1 $17 {[%cal Rg5h3] and life is bright.} 26. Rg3 Kc7) 26. Rg3 $1 $36 {[%cal Rg3g7][%mdl 2048] White is on the roll.} Qh8 $2 (26... Qh7 $16) 27. Ng6 Qf6 28. Ne5+ $1 Qxe5 29. Rxg8 Kc7 (29... Qxe3+ $142 30. Kh1 Kc7) 30. Qd2 $18 Kb7 31. Rd1 Bd7 $2 {[#]} (31... Qc7 32. Qd6 Rxa2 33. Qxc6+ Qxc6 34. Rg7+ (34. Bxc6+ Kxc6 35. Rxc8+ Kb7 $14) 34... Kb8 35. Bxc6 Ra7 36. Rxa7 Kxa7) 32. Rxa8 $2 (32. Qxd7+ $1 {[%mdl 512]} Nxd7 33. Rxd7+ Qc7 34. Rxc7+ Kxc7 35. Rxa8) 32... Kxa8 33. Qd4 Qxd4 34. Rxd4 {[%mdl 4096] Endgame KRB-KBN} ({Weaker is} 34. cxd4 Na4 $16) 34... Kb7 35. Bd1 (35. Rh4 $142) 35... e5 (35... Kc7 $142) 36. Rd6 Be6 37. Bc2 (37. Bb3 $1 $18) 37... Kc7 $16 38. Rd2 Bxa2 $2 {[%mdl 8192]} (38... Nb7 $16) 39. Bxf5 $18 Bd5 40. g4 e4 41. h4 {[%cal Bh2h4,Bh4h5][%mdl 32] White is clearly winning.} Kd6 42. g5 hxg5 {[#]} 43. h5 $1 {[%cal Rh5h6]} Ke5 44. h6 Kf6 45. Rh2 {Black must now prevent h7.} Bg8 46. h7 Bxh7 47. Bxh7 Na4 48. Bxe4 c5 49. Rc2 {Precision: White = 51%, Black = 19%.} 1-0

[Event "CRO Team Cup 2018"]
[Site "Mali Losinj"]
[Date "2018.05.19"]
[Round "5.8"]
[White "Bukal, Vladimir Jr"]
[Black "Sale, Srdjan"]
[Result "1/2-1/2"]
[WhiteElo "2388"]
[BlackElo "2430"]
[Annotator "TA"]
[PlyCount "56"]
[EventType "team-tourn"]
[EventCountry "CRO"]
[SourceTitle "playchess.com"]
[Source "ChessBase"]
[SourceQuality "1"]

{[%evp 18,56,14,7,27,0,13,0,0,0,0,0,0,0,0,-11,0,0,0,-46,-33,-25,-18,-27,-27,-27,-27,-28,-27,-34,-27,-24,5,0,27,27,27,27,27,25,27]} 1. d4 g6 2. Nf3 Bg7 3. Nc3 d6 4. g3 Nf6 5. Bg2 O-O 6. O-O Nbd7 7. a4 a5 8. e4 e5 9. dxe5 {B07: Pirc-Ufimzew-Verteidigung} (9. Re1 c6 10. h3 Qc7 11. Be3 Re8 12. Qd2 b6 13. Bh6 Bh8 14. Rad1 Bb7 15. dxe5 dxe5 16. Bf1 Nc5 17. Bc4 Ne6 18. Ng5 Nxg5 19. Bxg5 Rad8 20. Qe3 {½-½ (54) Ju,W (2572)-Grigoryan,K (2581) chess.com INT 2018}) 9... dxe5 10. b3 {LiveBook: 9 Partien} c6 11. Qe2 Re8 12. Rd1 Qc7 13. Nb1 $146 ({Vorgänger:} 13. Ba3 Bf8 14. Bxf8 Nxf8 15. h3 Ne6 16. Qe3 b6 17. Rd2 Ba6 18. Rad1 {½-½ (33) Esipenko,A (2477)-Giannoulakis,L (2214) Poprad 2016}) 13... Nc5 14. Nbd2 Bg4 15. Bb2 Rad8 16. Qc4 b6 17. h3 Bc8 18. Re1 Ba6 19. Qc3 Nfd7 20. Nc4 Ne6 21. Bf1 Nd4 22. Nd6 Qxd6 23. Bxa6 Nc5 24. Bf1 $1 Nce6 25. Kg2 Qb4 26. Qxb4 {Weiß hat minimalen Vorteil.} axb4 27. Nxd4 Nxd4 28. Bxd4 Rxd4 {Precision: Weiß = 46%, Schwarz = 58%.} 1/2-1/2

[Event "CRO Team Cup 2018"]
[Site "Mali Losinj"]
[Date "2018.05.19"]
[Round "5.9"]
[White "Nemeth, Miklos"]
[Black "Sprenger, Jan Michael"]
[Result "1/2-1/2"]
[WhiteElo "2491"]
[BlackElo "2496"]
[Annotator "TA"]
[PlyCount "51"]
[EventType "team-tourn"]
[EventCountry "CRO"]
[SourceTitle "playchess.com"]
[Source "ChessBase"]
[SourceQuality "1"]

{[%evp 22,51,18,1,4,8,0,0,12,-6,1,-14,-16,-10,-8,-19,-14,-11,-19,-14,0,0,0,0,10,9,9,10,8,7,6,7]} 1. e4 c5 2. Nf3 Nc6 3. d4 cxd4 4. Nxd4 Nf6 5. Nc3 d6 6. Bg5 Bd7 7. Be2 e6 8. O-O a6 9. Be3 {B60: Sicilian: Richter-Rauzer: Unusual Black 6th moves and 6...Bd7 without 7 Qd2} (9. a4 Be7 10. Kh1 Qc7 11. Nb3 b6 12. f4 O-O 13. Bf3 Rab8 14. Qe2 h6 15. Bh4 Bc8 16. Bg3 Re8 {1-0 (29) Zulfic,F (2141)-Cruz,F (2344) Barcelona 2017}) 9... b5 10. a3 Be7 11. f4 O-O 12. Qe1 {LiveBook: 4 Games. The position is equal.} Nxd4 13. Bxd4 Bc6 14. Qg3 g6 15. Bd3 Nh5 $146 ({Predecessor:} 15... Qd7 16. f5 {½-½ (51) Baer,W-Fiedler,P GER email 2008}) 16. Qf2 Nxf4 17. Qxf4 {[#] Strongly threatening Qh6.} e5 18. Qf2 {Be3 is the strong threat.} exd4 19. Qxd4 Qc7 20. a4 b4 21. Nd5 Bxd5 $1 22. Qxd5 a5 23. Bc4 {[%cal Rf1f7]} Rac8 24. b3 {[%cal Rf1f7]} Qc5+ 25. Qxc5 Rxc5 26. Rad1 1/2-1/2

[Event "CRO Team Cup 2018"]
[Site "Mali Losinj"]
[Date "2018.05.19"]
[Round "5.11"]
[White "Trbojevic, Mladen"]
[Black "Rade, Miroslav"]
[Result "1/2-1/2"]
[WhiteElo "2343"]
[BlackElo "2411"]
[Annotator "TA"]
[PlyCount "69"]
[EventType "team-tourn"]
[EventCountry "CRO"]
[SourceTitle "playchess.com"]
[Source "ChessBase"]
[SourceQuality "1"]

{[%evp 9,69,0,-1,-85,-66,-72,-20,-41,-31,-47,-55,-34,0,0,12,20,18,-45,0,0,0,0,0,-3,0,0,-4,-4,-7,-6,-14,-18,-25,-30,-25,-20,0,0,0,-13,0,0,0,-28,-12,-50,-28,-39,-25,-71,-46,-43,-10,-18,6,6,6,6,8,8,12,0]} 1. d4 Nf6 2. Nf3 d5 3. Bf4 c5 4. e3 Nc6 5. c3 Qb6 {LiveBook: 748 Games} 6. dxc5 {D02: 1 d4 d5 2 Nf3 sidelines, including 2...Nf6 3 g3 and 2...Nf6 3 Bf4} (6. Qb3 $11 {remains equal.}) (6. Qb3 c4 7. Qc2 Bf5 8. Qc1 h6 9. h3 e6 10. Nbd2 Be7 11. Be2 Qd8 12. Ne5 Nxe5 13. Bxe5 O-O 14. O-O b5 15. Re1 Ne4 16. Bf3 Ng5 17. Bd1 {½-½ (36) Stupak,K (2573)-Gelfand,B (2729) Tbilisi 2017}) 6... Qxb2 $17 7. Nbd2 Ne4 $146 (7... Qxc3 $17 8. Be2 e6) ({Predecessor:} 7... Qxc3 8. Rc1 Qa5 9. Be2 e6 10. O-O Be7 11. Nb3 Qd8 12. Ne5 Bd7 13. g4 O-O {0-1 (38) Vidal Palou,J (1940)-Molina Carretero,D (2148) Santa Eugenia 2014}) 8. Nxe4 dxe4 9. Nd2 e5 10. Bg3 Be6 11. Nxe4 Bxc5 12. Rb1 Qa3 13. Bb5 (13. Rxb7 $11 O-O 14. Bd3) 13... f5 14. Nxc5 Qxc5 15. O-O O-O 16. Qa4 Rad8 {[%cal Ba8d8,Bd8d5,Bd5d2][%mdl 32]} 17. Bxc6 bxc6 18. Qb4 Rd5 19. Bh4 {[#] And now Qxc5 would win.} Qxb4 20. Rxb4 h6 {aiming for ...g5.} 21. e4 fxe4 22. Bg3 Rd2 (22... Bf5 {feels hotter.} 23. h3 Bg6 24. Re1 Rc5 25. Rd1 e3) 23. Rxe4 Rxa2 24. Bxe5 Bf5 25. Re3 a5 26. Rg3 Rf7 27. c4 Be6 28. Rc3 a4 29. Bd6 Rd7 30. Bc5 $1 Rad2 31. h3 {The position is equal.} R7d3 32. Rxd3 Rxd3 33. Ra1 a3 34. Bxa3 Bxc4 35. Rc1 {Precision: White = 38%, Black = 38%.} 1/2-1/2

[Event "CRO Team Cup 2018"]
[Site "Mali Losinj"]
[Date "2018.05.19"]
[Round "5.13"]
[White "Saric, Ibro"]
[Black "Fercec, Nenad"]
[Result "1-0"]
[WhiteElo "2554"]
[BlackElo "2451"]
[Annotator "TA"]
[PlyCount "67"]
[EventType "team-tourn"]
[EventCountry "CRO"]
[SourceTitle "playchess.com"]
[Source "ChessBase"]
[SourceQuality "1"]

{[%evp 14,67,15,13,17,8,14,0,25,25,20,10,52,27,37,22,25,0,66,62,65,55,129,149,147,162,162,111,151,69,179,142,154,162,229,230,379,239,234,211,212,218,218,210,235,231,326,319,316,320,304,294,322,312,277,268]} 1. d4 Nf6 2. c4 e6 3. Nf3 Bb4+ 4. Nbd2 O-O 5. e3 d5 6. a3 Be7 7. b4 {[%cal Bb2b4,Bb4b5][%mdl 32]} b6 {E11: Bogo-Indian} 8. Bb2 {LiveBook: 9 Games} (8. cxd5 exd5 9. Bb2 Bb7 10. Bd3 Nbd7 11. b5 Bd6 12. a4 a6 13. O-O Qe7 14. Qb3 axb5 15. axb5 {½-½ (33) Dreev,A (2660)-Rozum,I (2590) Sochi 2016}) 8... c6 9. Qc2 a5 {The position is equal.} 10. b5 Bb7 $146 ({Predecessor:} 10... dxc4 11. bxc6 b5 12. a4 Nxc6 13. axb5 Nb4 14. Qxc4 Bd7 15. Qb3 {0-1 (47) Kertesz,A-Buza,A Bucharest 1970}) 11. cxd5 exd5 12. Bd3 c5 13. dxc5 bxc5 14. O-O Nbd7 15. a4 Rc8 (15... c4 $11 16. Bf5 Nc5) 16. Bf5 $36 {[%mdl 2048] White is pushing.} g6 17. Bh3 d4 (17... Re8 $14) 18. Nc4 $16 Qc7 19. Nfd2 Nd5 {[#]} 20. Qb3 (20. exd4 $6 cxd4 21. Rfe1 (21. Bxd4 Nf4 $11) 21... Bf6 $11) (20. Nb3 $1 $18) 20... Ra8 21. Rac1 (21. g3 $16) 21... Bg5 (21... Rfe8 $14) 22. f4 (22. exd4 $6 Nf4 $16) 22... Bh6 23. g3 (23. exd4 $6 Nxf4 24. Kh1 Qd8 $14) 23... Rae8 (23... Bg7 $142) 24. e4 Nc3 (24... N5b6 $142 25. Nxb6 Nxb6 26. Bxd4 Qd8) 25. Bxc3 dxc3 26. Qxc3 Bxe4 27. Qxa5 Qxa5 28. Nxa5 Nb6 {[#]} 29. Nac4 $1 {[%cal Rc4b6]} ({Weaker is} 29. Rxc5 Bd3 $14) 29... Nxc4 (29... Nxa4 {might work better.} 30. Nd6 Bd5) 30. Nxc4 $18 {White has a decisive advantage.} ({Not} 30. Rxc4 Bd3 $16) 30... Bg7 31. Bg2 Bd4+ 32. Kh1 $1 Bd3 33. a5 Bxf1 34. Bxf1 {Precision: White = 65%, Black = 28%.} ({Less strong is} 34. Rxf1 Re2 $16) 1-0

[Event "CRO Team Cup 2018"]
[Site "Mali Losinj"]
[Date "2018.05.21"]
[Round "5.19"]
[White "Matanovic, Luka"]
[Black "Filipovic, Marko"]
[Result "1/2-1/2"]
[WhiteElo "2189"]
[BlackElo "2327"]
[Annotator "ChessBase"]
[PlyCount "97"]
[EventType "team-tourn"]
[EventCountry "CRO"]
[SourceTitle "playchess.com"]
[Source "ChessBase"]
[SourceQuality "1"]
[TimeControl "40/5400+30:1800+30"]

1. e4 {[%emt 0:07:30]} c5 {[%emt 0:01:00]} 2. Nf3 {[%emt 0:00:00]} e6 {[%emt 0:00:30]} 3. c3 {[%emt 0:02:00]} Nf6 {[%emt 0:00:30]} 4. e5 {[%emt 0:01:30]} Nd5 {[%emt 0:00:30]} 5. d4 {[%emt 0:00:30]} cxd4 {[%emt 0:00:30]} 6. cxd4 {[%emt 0:00:00]} b6 {[%emt 0:03:30]} 7. Nbd2 {[%emt 0:05:00]} Ba6 {[%emt 0:22:30]} 8. Bxa6 {[%emt 0:03:30]} Nxa6 {[%emt 0:00:30]} 9. Ne4 {[%emt 0:01:30]} Be7 {[%emt 0:08:30]} 10. O-O {[%emt 0:07:30]} O-O {[%emt 0:00:30]} 11. a3 {[%emt 0:03:30]} Nac7 {[%emt 0:13:30]} 12. Bg5 {[%emt 0:06:30]} h6 {[%emt 0:12:30]} 13. Bxe7 {[%emt 0:03:30]} Qxe7 {[%emt 0:00:30]} 14. Rc1 {[%emt 0:00:30]} Ne8 {[%emt 0:02:30]} 15. Qa4 {[%emt 0:03:30]} f5 {[%emt 0:02:30]} 16. exf6 {[%emt 0:12:30]} Nexf6 {[%emt 0:00:30]} 17. Nxf6+ {[%emt 0:00:30]} Rxf6 {[%emt 0:00:30]} 18. Ne5 {[%emt 0:00:30]} d6 {[%emt 0:02:30]} 19. Qc6 {[%emt 0:02:30]} Rd8 {[%emt 0:02:30]} 20. Nd3 {[%emt 0:02:30]} Rg6 {[%emt 0:07:27]} 21. g3 {[%emt 0:08:30]} Qf6 {[%emt 0:05:49]} 22. Qb7 {[%emt 0:07:30]} Qxd4 {[%emt 0:02:40]} 23. Rcd1 {[%emt 0:01:01]} Qa4 {[%emt 0:04:00]} 24. Rd2 {[%emt 0:03:51]} Rf6 {[%emt 0:00:48]} 25. Nb4 {[%emt 0:03:11]} Nxb4 {[%emt 0:01:11]} 26. axb4 {[%emt 0:00:43]} Rf7 {[%emt 0:00:52]} 27. Qe4 {[%emt 0:00:15]} Qd7 {[%emt 0:00:30]} 28. Re1 {[%emt 0:01:55]} Rf6 {[%emt 0:00:06]} 29. h4 {[%emt 0:01:05]} d5 {[%emt 0:00:45]} 30. Qd4 {[%emt 0:01:54]} Rc8 {[%emt 0:00:31]} 31. b3 {[%emt 0:01:26]} Qc6 {[%emt 0:00:49]} 32. Re3 {[%emt 0:00:56]} Qc1+ {[%emt 0:00:05]} 33. Kg2 {[%emt 0:01:58]} Rc2 {[%emt 0:01:09]} 34. Rde2 {[%emt 0:02:05]} Rxe2 {[%emt 0:00:52]} 35. Rxe2 {[%emt 0:00:32]} Qb1 {[%emt 0:00:30]} 36. Qc3 {[%emt 0:00:18]} Qd1 {[%emt 0:01:24]} 37. Ra2 {[%emt 0:01:19]} d4 {[%emt 0:02:50]} 38. Qc8+ {[%emt 0:01:15]} Kh7 {[%emt 0:00:07]} 39. Qb7 {[%emt 0:00:15]} Qe1 {[%emt 0:00:34]} 40. Qxa7 {[%emt 0:00:00]} Qxb4 {[%emt 0:01:31]} 41. Qb7 {[%emt 0:15:31]} Qxb3 {[%emt 0:02:30]} 42. Ra7 {[%emt 0:00:30]} Qd5+ {[%emt 0:08:30]} 43. Qxd5 {[%emt 0:00:30]} exd5 {[%emt 0:00:30]} 44. Rd7 {[%emt 0:00:00]} Rc6 {[%emt 0:02:14]} 45. Rxd5 {[%emt 0:01:00]} Rc4 {[%emt 0:00:23]} 46. Rb5 {[%emt 0:00:47]} Rc6 {[%emt 0:00:05]} 47. Rd5 {[%emt 0:00:25]} Rc4 {[%emt 0:00:12]} 48. Rb5 {[%emt 0:00:18]} Rc6 {[%emt 0:00:24]} 49. Rd5 {[%emt 0:00:30]} 1/2-1/2

[Event "CRO Team Cup 2018"]
[Site "Mali Losinj"]
[Date "2018.05.19"]
[Round "5.20"]
[White "Vargic, Drago"]
[Black "Matanovic, Pavo"]
[Result "1-0"]
[WhiteElo "2283"]
[BlackElo "1839"]
[Annotator "NA"]
[PlyCount "61"]
[EventType "team-tourn"]
[EventCountry "CRO"]
[SourceTitle "playchess.com"]
[Source "ChessBase"]
[SourceQuality "1"]
[TimeControl "40/5400+30:1800+30"]

1. e4 {[%emt 0:00:30]} e5 {[%emt 0:01:00]} 2. Nc3 {[%emt 0:01:30]} Nf6 {[%emt 0:02:30]} 3. Bc4 {[%emt 0:03:30]} Nc6 {[%emt 0:03:30]} 4. Nf3 {[%emt 0:02:30]} Nxe4 {[%emt 0:06:30]} 5. O-O {[%emt 0:13:30]} Nxc3 {[%emt 0:07:30]} 6. dxc3 {[%emt 0:00:30]} Be7 {[%emt 0:00:30]} 7. Qd5 {[%emt 0:02:30]} O-O {[%emt 0:01:30]} 8. Nxe5 {[%emt 0:00:30]} Nxe5 {[%emt 0:01:30]} 9. Qxe5 {[%emt 0:00:30]} d6 {[%emt 0:00:30]} 10. Qh5 {[%emt 0:00:00]} c6 {[%emt 0:10:30]} 11. Be3 {[%emt 0:07:00]} Bf6 {[%emt 0:04:30]} 12. f4 {[%emt 0:03:30]} g6 {[%emt 0:07:30]} 13. Qf3 {[%emt 0:00:30]} Bf5 {[%emt 0:01:30]} 14. g4 {[%emt 0:04:30]} Bxc2 {[%emt 0:11:30]} 15. Rf2 {[%emt 0:03:30]} d5 {[%emt 0:04:30]} 16. Bxd5 {[%emt 0:00:30]} cxd5 {[%emt 0:00:30]} 17. Rxc2 {[%emt 0:00:30]} Re8 {[%emt 0:01:30]} 18. Rd2 {[%emt 0:02:30]} Re4 {[%emt 0:00:30]} 19. g5 {[%emt 0:05:30]} Bg7 {[%emt 0:02:30]} 20. Rad1 {[%emt 0:03:30]} Qe8 {[%emt 0:03:30]} 21. Bf2 {[%emt 0:01:30]} Qa4 {[%emt 0:00:30]} 22. Rxd5 {[%emt 0:13:30]} Rxf4 {[%emt 0:06:30]} 23. Rd8+ {[%emt 0:03:30]} Rxd8 {[%emt 0:00:30]} 24. Rxd8+ {[%emt 0:00:30]} Bf8 {[%emt 0:00:30]} 25. Qd5 {[%emt 0:04:30]} Re4 {[%emt 0:13:54]} 26. b3 {[%emt 0:05:41]} Rg4+ {[%emt 0:01:58]} 27. Kf1 {[%emt 0:01:17]} Qxa2 {[%emt 0:00:51]} 28. Rxf8+ {[%emt 0:06:36]} Kxf8 {[%emt 0:02:14]} 29. Bc5+ {[%emt 0:00:37]} Kg8 {[%emt 0:01:19]} 30. Qd8+ {[%emt 0:00:11]} Kg7 {[%emt 0:00:01]} 31. Qf8# {[%emt 0:00:27]} 1-0

[Event "CRO Team Cup 2018"]
[Site "Mali Losinj"]
[Date "2018.05.21"]
[Round "5.22"]
[White "Tica, Sven"]
[Black "Vujakovic, Branko"]
[Result "1-0"]
[WhiteElo "2444"]
[BlackElo "2335"]
[Annotator "TA"]
[PlyCount "85"]
[EventType "team-tourn"]
[EventCountry "CRO"]
[SourceTitle "playchess.com"]
[Source "ChessBase"]
[SourceQuality "1"]

{[%evp 12,85,18,14,14,14,10,18,20,10,20,21,53,65,71,63,60,50,60,57,44,33,31,33,33,28,44,41,48,48,41,41,60,61,60,53,60,57,68,48,44,43,97,78,93,27,59,0,0,0,0,0,8,-23,11,19,29,28,23,5,25,-2,85,44,41,24,83,73,69,71,355,345,950,636,548,528]} 1. d4 Nf6 2. c4 {[%cal Bc2c4,Bc4c5][%mdl 32]} g6 3. Nc3 d5 4. Bf4 Bg7 5. e3 O-O 6. Rc1 Be6 {D83: Grünfeld: 4 Bf4 Bg7 5 e3 0-0} 7. c5 {LiveBook: 70 Games} Ne4 $146 ({Predecessor:} 7... Nc6 8. Bb5 Bg4 9. Qa4 Bd7 10. Nf3 a6 11. Bxc6 Bxc6 12. Qc2 Nh5 13. O-O f6 14. h3 Nxf4 15. exf4 Qd7 16. Rfe1 Bh6 17. g3 Qxh3 18. Rxe7 {0-1 (18) Buhmann,R (2589)-Van Wely,L (2670) Berlin 2018}) 8. Bd3 Nxc3 {The position is equal.} 9. Rxc3 Nc6 10. h3 Bc8 11. Nf3 e5 12. dxe5 Qe7 {[%cal Rc6e5]} 13. Bg5 Qe6 14. Bb5 Bxe5 15. Nxe5 Nxe5 16. Bh6 {Black must now prevent Qd4.} Rd8 $1 17. Qd4 {[#] And now f4 would win.} f6 18. O-O c6 19. Be2 Nf7 20. Bf4 Qe7 21. b4 Bd7 22. a4 Re8 23. f3 Nd8 24. Bd6 Qg7 25. Rd1 Nf7 26. Bh2 Be6 {[#]} ({Better is} 26... Re7 $14) 27. b5 $1 $16 Ne5 28. f4 (28. Bg3 $16) 28... Nd7 {[%cal Be5d7,Bd7f8,Bf8e6][%mdl 32]} 29. g4 (29. a5 $14) 29... f5 $11 30. g5 Bf7 31. Bf3 Nf8 32. Qb4 Re7 33. Bg3 Rae8 34. Bf2 Ne6 35. Rcd3 {[%cal Bc3d3,Bd3d5,Bd5e5][%mdl 32]} Rc8 36. Kh2 cxb5 (36... Qf8 $11 {keeps the balance.}) 37. Rxd5 bxa4 38. Qxa4 Be8 (38... Qc3 $11 {remains equal.}) 39. Qb3 Qf7 40. Re5 {aiming for Bd5.} Bc6 $2 {[%mdl 8192]} (40... Nxc5 $16 {was necessary.} 41. Bd5 Rxe5 42. Bxf7+ Bxf7) 41. Be2 $18 Qe8 $2 (41... Nxc5 42. Qxf7+ Kxf7) 42. Rd6 Ba4 43. Qa2 {Precision: White = 58%, Black = 36%.} 1-0